Path integral methods in quantum field theory /

Guardado en:
Autor Principal: Rivers, R. J.
Formato: Libro
Idioma:English
Publicado: Cambridge : Cambridge University Press, 1988.
Edición:1st paperback ed., with corrections
Series:Cambridge monographs on mathematical physics
Etiquetas: Agregar Etiqueta
Sin Etiquetas, Sea el primero en etiquetar este registro!
LEADER 00697nam a22002055a 4500
001 MAT.inmabb000171
008 861010s1988####enka#####b####001#0#eng##
005 20130313122609.0
245 1 0 |a Path integral methods in quantum field theory /  |c R. J. Rivers. 
250 |a 1st paperback ed., with corrections 
260 |a Cambridge :  |b Cambridge University Press,  |c 1988. 
300 |a xi, 339 p. ;  |c 23 cm. 
440 0 |a Cambridge monographs on mathematical physics 
500 |a Transferred to digital reprinting 1999. 
510 4 |a MR,  |c 89j:81059b 
020 |a 0521368707 
020 |a 0521259797 
100 1 |a Rivers, R. J. 
084 |a 81S40 (81-01 81Q30)  |2 msc2000 
859 |h 81  |i R622  |p A-7881  |b BIB. MATEMATICA